1503 1952 1588 1945 1210 1342 1289 1257 1633 1550 1136 1844 1048 1627 1091 1363 1359 1422 1572 1792 1941 1526 1151 1067 1201 1337 1424 1920 1552 1386 1539 1238 1062 1847 1026 1416 1772 1196 1725 1708 1881 1263 1225 1776 1730 1421 1911 1166 1319 1608 1651 1313 1967 1346 1773 1618 1098 1958 1064 1101 1896 1061 1181 1781 1241 1847 1414 1314 1670 1072 1714 1095 1571 1137 1787 1429 1762 1489 1719 1444 1659 1852 1451 1452 1827 1563 1215 1353 1712 1422 1730 1180 1340 1434 1940 1018 1168 1670 1035 BCNSPRNW ULIB Ver.6.0+V

เปลี่ยนเป็นภาษาไทย

Change to English
 แสดงรายละเอียดบรรณานุกรม
  กลับหน้าหลัก

Brief Record : Get Marc (ISO 2709) : E-mail record : QR code < ปิดหน้าต่าง
LEADER : 00000nam 2200000uu 4500
001    13399113140
003     ULIB
008    110927s2550||||th 000 0 tha d
020    9789747035841
082 04 QA76.75^bช579ก 2550
100 0  ชีวธันย์ ญาณากรสกุล
245 00 ก๊อบปี้ ตัดต่อ แปลงไฟล์ CD/DVD /^cชีวธันย์ ญาณากรสกุล
260    กรุงเทพฯ :^bอี เอ็กซ์พี มีเดียว,^c2550
300    271 หน้า :^bภาพประกอบ
650  7 CD^xการตัดต่อ
650  7 DVD^xการตัดต่อ
945    ^p139^l0^i022899
995    ทศพร
999 ^a ทศพร
รายการนี้ยังไม่มีแท็ก
คุณยังไม่ได้ล็อกอิน คุณสามารถมีกิจกรรมร่วมกับเว็บไซต์ได้ แต่ต้องล็อกอินก่อน ::
  ล็อกอิน

รายการสื่อสารสนเทศ

ลำดับที่ ประเภท เลขเรียก/บาร์โค้ด สถานที่ สถานะ
- ไม่พบข้อมูล -

รายการใกล้เคียง
    ผู้แต่ง [ชีวธันย์ ญาณากรสกุล]

BibComment


ยังไม่เคยถูกคอมเมนท์

คอมเมนท์ทรัพยากรรายการนี้
  คอมเมนท์: ก๊อบปี้ ตัดต่อ แป..


 Copyright 2026. Bcnsprnw @Library